00782cam a22002533a 45000010005000000030006000050050017000110080041000280400015000690420007000840500007000911000030000982450086001282600029002145060030002435160020002736530025002936530028003186530022003466530050003687000041004188300028004598560041004878722PGUSA20140828083204.0050801s2005||||xxu|||||s|||||000 1 eng d aPGUSAbeng adc 4aPQ1 aZola, Émile,d1840-190214aThe Three Cities Trilogy :bRome, Volume 2h[electronic resource] /cÉmile Zola bProject Gutenberg,c2005 aPublic domain in the USA. aElectronic text aCatholics -- Fiction aRome (Italy) -- Fiction aClergy -- Fiction aChristian pilgrims and pilgrimages -- Fiction1 aVizetelly, Ernest Alfred,d1853-1922 0aProject Gutenbergv872240uhttp://www.gutenberg.org/ebooks/8722